01192nam a22003012 450000100060000000300080000600500170001400800410003103500190007204000270009104100080011808200260012610000430015224501470019525000120034226000570035430000350041149000600044650000200050650400580052665000210058483000190060570000350062483000580065994200120071799900170072995201440074616124BD-RjUL20211208235946.0140211s1955 nyu 001 0 eng d a(BD-RjUL)16179 aITDcITDdBD-RjULbeng aeng04a669.734218bLIT 19551 aLi, K. C.q(Kuo-chʿin),d1892-94991110aTungsten :bits history, geology, ore-dressing, metallurgy, chemistry, analysis, applications, and economics /cby K. C. Li and Chung Yu Wang. a3rd ed. aNew York :bReinhold publishing corporation,cc1955. axx, 506 p. :billus. ;c24 cm.1 aMonograph series (American Chemical Society) ;vno. 130 aIncludes index. a"References relating to tungsten alloys": p. 462-469. 0aTungsten.949683 0vno. 1309499241 aWang, Ch'ung-yu,d1879-949913 0aMonograph series (American Chemical Society) ;930083 2ddccBK c16124d16124 00102ddc40718NFICaRUCLbRUCLcReadingd1958-01-20eB.H Black wellg5.12l0o669.734 LIT 1955r2014-02-11 00:00:00tC-1w2014-02-11yBK